| 000 | 00583nam a2200217Ia 4500 | ||
|---|---|---|---|
| 005 | 20250428125742.0 | ||
| 008 | 250408s9999 xx 000 0 und d | ||
| 037 | _aReference | ||
| 040 |
_aLCO _beng _cLCO |
||
| 041 |
_aeng _2eng |
||
| 084 |
_aZ2,7,16 R2 _qLCO |
||
| 100 |
_aMarkanda, P.C _9753150 |
||
| 245 | 0 |
_aLaw Relating To Arbitration & Conciliation _cP.C. Markanda |
|
| 250 | _a11th | ||
| 260 |
_aHaryana, India _bLexisNexis _c2022 |
||
| 300 | _a1707 | ||
| 365 |
_aINR _b3995 |
||
| 650 | _aLaw | ||
| 942 |
_cREF _hZ2,7,16 R2 |
||
| 999 |
_c1309464 _d1309464 |
||